| 000 | 00886cam a2200265 a 4500 | ||
|---|---|---|---|
| 020 | _a9781555814069 (hardcover : alk. paper) | ||
| 020 | _a1555814069 (hardcover : alk. paper) | ||
| 040 | _cDLC | ||
| 082 | 0 | 0 | _a579 ASM 2008 C151 Or. |
| 245 | 0 | 0 |
_aAccessing uncultivated microorganisms : _bfrom the environment to organisms and genomes and back / |
| 260 |
_aWashington, D.C. : _bASM Press, _cc2008. |
||
| 300 |
_axii, 308 p. : _bill. (some col.) ; _c26 cm. |
||
| 650 | 0 | _aMicrobial diversity. | |
| 650 | 0 | _aMicrobial ecology. | |
| 650 | 0 | _aMicrobiology | |
| 650 | 1 | 2 | _aEnvironmental Microbiology. |
| 650 | 2 | 2 | _aBacteria |
| 650 | 2 | 2 | _aCell Culture Techniques. |
| 650 | 2 | 2 | _aFungi |
| 650 | 2 | 2 | _aGenetics, Microbial. |
| 650 | 2 | 2 | _aMicrobiological Techniques |
| 700 | 1 | _aZengler, Karsten. | |
| 856 | 4 | 1 | _uhttp://www.loc.gov/catdir/toc/ecip087/2007052360.html |
| 942 | _cAEDBB | ||
| 999 |
_c18686 _d18686 |
||